000 00560nam a2200205Ia 4500
003 OSt
005 20251015150147.0
008 221004b |||||||| |||| 00| 0 eng d
037 _cTB
040 _aCRL
_cCRL
_beng
041 _2eng
_aeng
084 _aO495:g L0
_qAL
100 _aTok-Soon Chang etc
_9630938
245 0 _aHomour in Korean literature
260 _c1970.
650 _a ENGLISH LITERATURE
_9848448
650 _aKOREAN LITERATURE
_937419
942 _hO495:9 L0
_cTB
_2cc
_n0
999 _c1041875
_d1041875